00449nam a22001577a 450000500170000001000150001702000270003203500140005903700130007308200120008624500490009826000360014727000700018330000230025370000150027620191119145858.0 aENG-126923 c1080.00a9789389137200 aEN-110455 bDBAD/PUB a358.400 aAsian defence review 2019 /ced.by KK Nohwar aNew DelhibKW Publishers c2020 a4676/21, First Floor, Ansari Road, Daryaganj, e110002bNew Delhi aix,273p.c23cm(Hb) aNohwar, KK